| 000 | 00450pab a2200169 454500 | ||
|---|---|---|---|
| 008 | 180718b2007 xxu||||| |||| 00| 0 eng d | ||
| 100 | _aNielsen, Francois | ||
| 245 | _aEconomic inequality, Pareto and sociology: the route not taken | ||
| 260 | _c2007 | ||
| 300 | _ap.619-38. | ||
| 362 | _aJan | ||
| 650 | _aSociology | ||
| 650 | _aPareto, Vilfredo | ||
| 650 | _aIncome distribution | ||
| 773 | _aAmerican Behavioral Scientist | ||
| 909 | _a73015 | ||
| 999 |
_c73015 _d73015 |
||